Movies Quiz

Random Movies or Actor Quiz

Best Actor Oscar Movies Quiz Stats

 Plays Quiz Updated Feb 25, 2021

     
Support Sporcle.
Go Orange.
Score 0/94 Timer 15:00
0 Plays Today
Year Movie % Correct
2019Joker
93.3%
2018Bohemian Rhapsody
87.3%
2000Gladiator
87.2%
2015The Revenant
87.1%
2012Lincoln
86.2%
1994Forrest Gump
84.2%
2004Ray
84.1%
2013Dallas Buyers Club
83.2%
2008Milk
82.2%
1972The Godfather
81%
1991The Silence Of The Lambs
80.6%
1999American Beauty
77.3%
2011The Artist
76.2%
1993Philadelphia
75.8%
2002The Pianist
74%
2006The Last King Of Scotland
73.9%
2014The Theory of Everything
73.5%
2016Manchester by the Sea
73.3%
2007There Will Be Blood
71.7%
2020The Father
71.1%
2005Capote
71%
1988Rain Man
68.4%
2001Training Day
66%
2017Darkest Hour
65.7%
1997As Good As It Gets
64.6%
1975One Flew Over The Cuckoo's Nest
64.5%
2003Mystic River
64.3%
1987Wall Street
63.6%
1982Gandhi
62.6%
1980Raging Bull
62.2%
1989My Left Foot
60%
1992Scent Of A Woman
58.8%
Year Movie % Correct
2009Crazy Heart
58.4%
1995Leaving Las Vegas
58.2%
1979Kramer vs Kramer
55.6%
1998Life Is Beautiful
55.2%
1962To Kill A Mockingbird
54%
1970Patton
53.5%
1954On the Waterfront
52.7%
1959Ben Hur
52.4%
2010The King's Speech
50.4%
1981On Golden Pond
50%
1969True Grit
48.4%
1971The French Connection
48.3%
1986The Color of Money
45.7%
1984Amadeus
45.6%
1956The King and I
44.5%
1967In The Heat Of The Night
40.1%
1996Shine
39.3%
1976Network
38.2%
1964My Fair Lady
37.8%
1948Hamlet
35.1%
1951The African Queen
33.2%
1952High Noon
33.1%
1957The Bridge On The River Kwai
32.6%
1955Marty
30.2%
1978Coming Home
29.3%
1934It Happened One Night
28.1%
1985Kiss Of The Spider Woman
27.3%
1977The Goodbye Girl
26.6%
1983Tender Mercies
22.9%
1963Lilies of the Field
22.3%
1940The Philadelphia Story
21.7%
1942Yankee Doodle Dandy
21.6%
Year Movie % Correct
1990Reversal Of Fortune
21.5%
1966A Man For All Seasons
21.5%
1944Going My Way
21.4%
1965Cat Ballou
19.1%
1945The Lost Weekend
18.6%
1973Save The Tiger
18.2%
1946The Best Years Of Our Lives
17.8%
1974Harry And Tonto
17.5%
1961Judgment At Nuremberg
16.9%
1953Stalag 17
16.5%
1949All The King's Men
16%
1938Boys Town
15.8%
1960Elmer Gantry
15.7%
1968Charly
15.6%
1939Goodbye Mr Chips
14.3%
1950Cyrano De Bergerac
12.7%
1958Separate Tables
12.7%
1941Sergeant York
12.7%
1937Captains Courageous
11.1%
1931-32The Champ
10.6%
1931-32Dr Jekyll and Mr Hyde
9.4%
1932-33The Private Life of Henry VIII
7.4%
1929-30Disraeli
7.2%
1935The Informer
7.1%
1943Watch On The Rhine
6.5%
1936The Story of Louis Pasteur
5.9%
1947A Double Life
5.8%
1928-29In Old Arizona
5.5%
1927-28The Last Command
5.2%
1930-31A Free Soul
4.2%

From the Vault

Multi-Category Television Blitz

by DarkPhalanx

For all the Sporclers that spend too much time in front of the TV.
Remove Ads.
Support Sporcle.
Get the best of Sporcle when you Go Orange. This ad-free experience offers more features, more stats, and more fun while also helping to support Sporcle. Thank you for becoming a member.

Show Comments

Extras

Top Quizzes Today


Score Distribution

Your Account Isn't Verified!

In order to create a playlist on Sporcle, you need to verify the email address you used during registration. Go to your Sporcle Settings to finish the process.

Report this User

Report this user for behavior that violates our Community Guidelines.

Details: